banner koha

Flora das cangas da Serra dos Carajás, Pará, Brasil: Apodanthaceae (Registro n. 331999)

MARC details
000 -LÍDER
fixed length control field 01755nab a2200253 i 4500
003 - CÓDIGO MARC DA AGÊNCIA CATALOGADORA
Campo de controle BR-BrBNA
005 - DATA E HORA DA ÚLTIMA ATUALIZAÇÃO
Campo de controle 20250610115217.0
008 - CAMPO DE TAMANHO FIXO
fixed length control field 250610b2018 bl.qr|pooa||| 00| 0 por |
040 ## - FONTE DA CATALOGAÇÃO
Agência catalogadora BR-BrBNA
Idioma da catalogação por
072 ## - CATEGORIA AGRIS
Código AGRIS F70
100 ## - ENTRADA PRINCIPAL - NOME PESSOAL
Nome pessoal Pastore, Mayara
100 ## - ENTRADA PRINCIPAL - NOME PESSOAL
Nome pessoal Rangel, Wesley de Melo
100 ## - ENTRADA PRINCIPAL - NOME PESSOAL
Nome pessoal Giulietti, Ana Maria
245 ## - TÍTULO PRINCIPAL
Título principal Flora das cangas da Serra dos Carajás, Pará, Brasil: Apodanthaceae
500 ## - NOTA GERAL
Nota geral Publicação on-line; 11 ref.; 2 illus.; Summaries (En, Pt)
942 ## - ADDED ENTRY ELEMENTS (KOHA)
Koha item type Analítica
520 ## - NOTA DE RESUMO
Nota de conteúdo <br/><br/>Resumo<br/><br/>Este estudo engloba o tratamento florístico de Apodanthaceae para as cangas da Serra dos Carajás, no estado<br/>do Pará. Inclui descrição, ilustração, fotografias, distribuição, comentários morfológicos e taxonômicos de<br/>Pilostyles blanchetii, a única espécie da família registrada na área de estudo.<br/><br/>Palavras-chave: Amazônia, FLONA Carajás, Pilostyles, plantas holoparasitas, taxonomia.<br/><br/><br/><br/><br/>Abstract<br/><br/>This study encompasses the floristic treatment of Apodanthaceae for the canga of the Serra dos Carajás, in<br/>Pará state. Description, illustrations, photographs, distribution, morphological and taxonomic comments are<br/>provided for Pilostyles blanchetii, the only species of the family recorded from the study area.<br/><br/>Key words: Amazon, FLONA Carajás, Pilostyles,holoparasitic plants, taxonomy.
650 ## - ASSUNTO - THESAGRO
Cabeçalho tópico ou nome geográfico AMAZÔNIA
650 ## - ASSUNTO - THESAGRO
Cabeçalho tópico ou nome geográfico CARAJÁS
650 ## - ASSUNTO - THESAGRO
Cabeçalho tópico ou nome geográfico TAXONOMIA
773 0# - ENTRADA ANALÍTICA
Host Biblionumber 709
Registro do item 350966
Imprenta Rio de Janeiro-RJ Jardim Botanico do Rio de Janeiro 1935
Outro identificador 2025-3590
Título Rodriguésia (Brazil)
ISSN 0370-6583; 2175-7860 on-line
Colação v. 69(3) p. 1049-1053; (2018)
Número de controle de registro BR2025003113
856 ## - ACESSO E ENDEREÇO ELETRÔNICO
Identificador uniforme de recurso - URI https://www.scielo.br/j/rod/a/chJBVfX8sxpdcgGk8q3vpgS/?format=pdf&lang=pt

Nenhum exemplar disponível.

BINAGRI

Telefone: (61)3218-2567/2388/3357/2097 - binagri@agro.gov.br

Ministério da Agricultura e Pecuária , Esplanada dos Ministérios, Bloco D, Anexo B, Brasília/DF, CEP: 70.043-900